1409 1824 1256 1179 1031 1710 1792 1071 1113 1845 1391 1327 1588 1757 1525 1803 1231 1188 1748 1183 1211 1690 1724 1264 1384 1892 1950 1280 1986 1375 1618 1445 1804 1335 2000 1330 1411 1214 1782 1972 1587 1940 1082 1073 1256 1578 1626 1722 1656 1981 1575 1866 1330 1120 1558 1277 1956 1681 1437 1105 1203 1567 1707 1258 1346 1017 1549 1908 1963 1992 1120 1666 1485 1114 1101 1615 1904 1133 1471 1973 1629 1739 1873 1056 1676 1357 1315 1873 1370 1722 1206 1776 1520 1721 1300 1809 1684 1106 1195 BCNSPRNW ULIB Ver.6.0+V

เปลี่ยนเป็นภาษาไทย

Change to English
 แสดงรายละเอียดบรรณานุกรม
  กลับหน้าหลัก

Brief Record : Get Marc (ISO 2709) : E-mail record : QR code < ปิดหน้าต่าง
LEADER : 00000nam 2200000uu 4500
001    13399128931
003     ULIB
008    241030s2023||||th 000 0 tha d
020    ^a9780323826792
060 04 ^aQV4^bL731S
100 1  ^aLinda E. McCuistion
245 10 ^aStudy Guide Pharmacology A Patient-Centered Nursing Process Approach /^cLinda E. McCuistion
250    ^a11th ed.
260    ^aSt. Louis, Mo. :^bElsevier,^c2023
300    ^aviii, 306 p. ;^c28 cm.
650  2 ^aDrugs
650  2 ^aDrug Therapy^xNurses Instruction
650  2 ^aNursing
650  2 ^aPharmacology
650  2 ^aPharmacology^xExamination Questions
650  2 ^aPharmaceutical Preparations^xadministration & dosage^xNurses Instruction
945    ^p1615^l0^i011181
999    ^aประนอม เกษจรัล
รายการนี้ยังไม่มีแท็ก
คุณยังไม่ได้ล็อกอิน คุณสามารถมีกิจกรรมร่วมกับเว็บไซต์ได้ แต่ต้องล็อกอินก่อน ::
  ล็อกอิน

รายการสื่อสารสนเทศ

ลำดับที่ ประเภท เลขเรียก/บาร์โค้ด สถานที่ สถานะ
1. วิทยาศาสตร์การแพทย์ และสุขภาพ
หนังสือสำรอง
สถานะ=หนังสือสำรอง
QV4 L731S ฉ.1 
  Barcode: 011181
ห้องสมุดวิทยาเขตสวรรค์ประชารักษ์
►หนังสือทั่วไป
บนชั้น

รายการใกล้เคียง
    ผู้แต่ง [Linda E. McCuistion]

    หัวเรื่อง [Drugs]
    หัวเรื่อง [Nursing]
    หัวเรื่อง [Pharmacology]

BibComment


ยังไม่เคยถูกคอมเมนท์

คอมเมนท์ทรัพยากรรายการนี้
  คอมเมนท์: Study Guide Pha..


 Copyright 2026. Bcnsprnw @Library